Pays par continent avec une première lettre unique - Statistiques

Statistiques générales
  • Ce quiz a été pris 828 fois
  • Le résultat moyen est 28 sur 38
Statistiques - réponses
Continent Prèmiere lettre Pays % Correct
Europe D Danemark
94%
Europe H Hongrie
91%
Amérique du Sud U Uruguay
91%
Amérique du Sud V Venezuela
90%
Amérique du Sud A Argentine
88%
Asie Y Yémen
87%
Europe V Vatican
86%
Océanie A Australie
85%
Amérique du Sud E Équateur
84%
Afrique O Ouganda
84%
Afrique K Kenya
82%
Europe K Kosovo
82%
Asie Q Qatar
82%
Amérique du Nord J Jamaïque
81%
Amérique du Sud G Guyana
78%
Amérique du Sud S Suriname
78%
Europe C Croatie
77%
Océanie F Fidji
76%
Europe U Ukraine
76%
Afrique D Djibouti
75%
Amérique du Nord E États-Unis
73%
Europe G Grèce
72%
Asie G Géorgie
71%
Océanie V Vanuatu
70%
Amérique du Nord M Mexique
69%
Europe N Norvège
69%
Amérique du Nord N Nicaragua
68%
Asie V Viêt Nam
66%
Amérique du Nord A Antigua-et-Barbuda
64%
Océanie K Kiribati
64%
Amérique du Nord P Panama
64%
Asie N Népal
63%
Amérique du Nord D Dominique
62%
Océanie S Samoa
56%
Amérique du Nord T Trinité-et-Tobago
56%
Amérique du Nord R République Dominicaine
46%
Asie E Émirats Arabes Unis
44%
Océanie E États Fédérés de Micronésie
30%
Aucun quiz correspondant
Distribution des résultats
% des personnes avec chaque résultat
Percentile par nombre de réponses
Votre historique - résultats
Vous n’avez pas pris ce quiz